| 000 -LEADER |
| fixed length control field |
02683nam a2200325 a 4500 |
| 001 - CONTROL NUMBER |
| control field |
ASIN0199546851 |
| 005 - DATE AND TIME OF LATEST TRANSACTION |
| control field |
20170105102905.0 |
| 008 - FIXED-LENGTH DATA ELEMENTS--GENERAL INFORMATION |
| fixed length control field |
131022s2010 xxu eng d |
| 020 ## - INTERNATIONAL STANDARD BOOK NUMBER |
| International Standard Book Number |
0199546851 (paperback) |
| Terms of availability |
$35.00 |
| 020 ## - INTERNATIONAL STANDARD BOOK NUMBER |
| International Standard Book Number |
9780199546855 (paperback) |
| 040 ## - CATALOGING SOURCE |
| Original cataloging agency |
0 |
| 050 04 - LIBRARY OF CONGRESS CALL NUMBER |
| Classification number |
HV31 |
| 082 04 - DEWEY DECIMAL CLASSIFICATION NUMBER |
| Classification number |
320.5409 |
| 100 1# - MAIN ENTRY--PERSONAL NAME |
| Personal name |
Beland, Daniel. |
| 245 10 - TITLE STATEMENT |
| Title |
Nationalism and social policy : |
| Remainder of title |
the politics of territorial solidarity / |
| Statement of responsibility, etc. |
Daniel Beland, Andre Lecours. |
| 260 ## - PUBLICATION, DISTRIBUTION, ETC. |
| Place of publication, distribution, etc. |
[S.l.] : |
| Name of publisher, distributor, etc. |
Oxford University Press, USA, |
| Date of publication, distribution, etc. |
2010. |
| 300 ## - PHYSICAL DESCRIPTION |
| Extent |
272 p. ; |
| Dimensions |
24 cm. |
| 520 ## - SUMMARY, ETC. |
| Summary, etc. |
Despite the recent proliferation of literature on nationalism and on social policy, relatively little has been written to analyze the possible interaction between the two. Scholars interested in social citizenship have indirectly dealt with the interaction between national identity and social programs such as the British NHS, but they have seldom examined this connection in reference to nationalism. Specialists of nationalism rarely mention social policy, focusing instead on language, culture, ethnicity, and religion. The main objective of Nationalism and Social Policy is to explore the nature of the connection between nationalism and social policy from a comparative and historical perspective. At the theoretical level, this analysis will shed new light on a more general issue: the relationships between identity formation, territorial politics, and social policy. Although this book refers to the experience of many different countries, the main cases are three multinational states, that is, states featuring strong nationalist movements: Canada (Quebec), the United Kingdom (Scotland), and Belgium (Flanders). Nationalism and Social Policy looks at the interplay between nationalism and social policy at both the state and sub-state levels through a detailed comparison between these three cases. In its concluding chapter, the book brings in cases of mono-national states (i.e. France, Germany, Sweden, and the United States) to provide broader comparative insight on the meshing of nationalism and social policy. The original theoretical framework for this research is built using insight from selected scholarship on nationalism and on the welfare state. |
| 650 #0 - SUBJECT ADDED ENTRY--TOPICAL TERM |
| Topical term or geographic name entry element |
Autonomy and independence movements |
| 650 #0 - SUBJECT ADDED ENTRY--TOPICAL TERM |
| Topical term or geographic name entry element |
Belgium--Flanders |
| 650 #0 - SUBJECT ADDED ENTRY--TOPICAL TERM |
| Topical term or geographic name entry element |
Canada |
| 650 #0 - SUBJECT ADDED ENTRY--TOPICAL TERM |
| Topical term or geographic name entry element |
Great Britain |
| 650 #0 - SUBJECT ADDED ENTRY--TOPICAL TERM |
| Topical term or geographic name entry element |
Public welfare--Political aspects |
| 650 #0 - SUBJECT ADDED ENTRY--TOPICAL TERM |
| Topical term or geographic name entry element |
Scotland |
| 650 #0 - SUBJECT ADDED ENTRY--TOPICAL TERM |
| Topical term or geographic name entry element |
Separatist movements |
| 650 #0 - SUBJECT ADDED ENTRY--TOPICAL TERM |
| Topical term or geographic name entry element |
Social policy |
| 700 1# - ADDED ENTRY--PERSONAL NAME |
| Personal name |
Lecours, Andre. |
| 856 40 - ELECTRONIC LOCATION AND ACCESS |
| Materials specified |
Amazon.com |
| Uniform Resource Identifier |
<a href="http://www.amazon.com/exec/obidos/ASIN/0199546851/chopaconline-20">http://www.amazon.com/exec/obidos/ASIN/0199546851/chopaconline-20</a> |
| 942 ## - ADDED ENTRY ELEMENTS (KOHA) |
| Source of classification or shelving scheme |
|
| Koha item type |
Book |